000 00507nam a2200181Ia 4500
005 20250326141901.0
008 250326s9999 xx 000 0 und d
037 _aTextbook
040 _aFMSL
_beng
_cFMSL
041 _aeng
_2eng
084 _qFMSL
100 _aWalters K
_9745220
245 0 _aEnterpreneurial management : New technology and new market development
_cWalters K
260 _aCombridge
_bCombridge, Ballinger
_c1989
300 _a218p
942 _cTB
999 _c1292434
_d1292434